Bau-entwurfslehre: grundlagen, normen, und vorschriften über anlage, bau, gestaltung, raumbedarf, raumbeziehungen. masse für gebäude, räume, einrichtungen und geräte mit dem menschen als mass und ziel : handbuch für den baufachmann, bauherrn, lehrenden und lernenden
Saved in:
| Hovedforfatter: | |
|---|---|
| Format: | Bog |
| Sprog: | tysk |
| Udgivet: |
Berlín
Verlag
1938
|
| Fag: | |
| Tags: |
Tilføj Tag
Ingen Tags, Vær først til at tagge denne postø!
|
MARC
| LEADER | 00000nam a2200000 a 4500 | ||
|---|---|---|---|
| 001 | UCK4160 | ||
| 003 | CL-VaPUC | ||
| 008 | 050520e19380000GW |||||||||||||||||ger|d | ||
| 082 | 0 | 4 | |a 690.02 |b NEU |2 21 |
| 100 | |a Neufert, Ernst |e verfasser |9 492626 | ||
| 245 | 1 | 0 | |a Bau-entwurfslehre: grundlagen, normen, und vorschriften über anlage, bau, gestaltung, raumbedarf, raumbeziehungen. masse für gebäude, räume, einrichtungen und geräte mit dem menschen als mass und ziel : handbuch für den baufachmann, bauherrn, lehrenden und lernenden |
| 300 | |a 300 p | ||
| 942 | |c BK | ||
| 945 | |d 20050520 00:00:00 |a jcarroza | ||
| 260 | |a Berlín |b Verlag |c 1938 | ||
| 650 | 7 | |a CONSTRUCCION MANUALES |2 CL-VaPUC |9 267647 | |
| 650 | 0 | |a Arquitectura |9 804558 | |
| 650 | 7 | |a DISEÑOS Y PLANOS |2 CL-VaPUC |9 262672 | |
| 650 | 7 | |a NORMAS INGENIERIA |2 CL-VaPUC |9 260507 | |
| 583 | |a last modification |c 20050520 00:00:00 |k Rodrigo Vera | ||
| 999 | |c 313114 |d 313112 | ||
| 952 | |0 0 |1 0 |4 0 |6 690_020000000000000_NEU_1938 |7 0 |8 P |9 384207 |a BIBARQ |b BIBARQ |d 2019-11-22 |i 4038576 |o 690.02 NEU 1938 |p 4038576 |r 2025-01-20 |w 2019-11-22 |y BK |k ARQ | ||